• 首页
  • 本馆介绍
  • 公告通知
  • 最新文献
  • 馆藏检索
  • 电子资源
  • 读者导购
  • 参考咨询
  • 我的图书馆
  • 登录
  • 详细信息显示
  • 放入我的书架
  • 预约/预借图书
  • 作者相关作品
  • 分类相关作品
  • 丛书相关作品
  • 出版社相关作品

书目信息

  • 表格格式
  • 工作单格式
  • 卡片格式
题名:
人文社会科学基础
    
 
作者: ;胡治华 , 丁柏铨 主编 ;教育部师范教育司 组织编写
分册:  
出版信息: 北京   首都师范大学出版社  1998
页数: 321页
开本: 20cm
丛书名:
单 册:
中图分类: C21
科图分类:
主题词: 社会科学--团体 , 社会科学--会议 , 社会科学--国家行政机关 , 社会科学--组织机构
电子资源:
ISBN: 7-81039-929-2
000 00921nam0 2200253 450
001 0653810375
005 20070726182727.20
010    @a7-81039-929-2@dCNY11.00
100    @a20060929d1998 km y0chiy0120 ea
101 0  @achi
200 1  @a人文社会科学基础@b理科必修,文科选修@Aren wen she hui ke xue ji chu@f教育部师范教育司组织编写@Fjiao yu bu shi fan jiao yu si zu zhi bian xie@g丁柏铨,胡治华主编@Gding bai quan,hu zhi hua zhu bian
210    @a北京@c首都师范大学出版社@d1998
215    @a321页@d20cm
300    @a小学教师进修高等师范专科小学教育专业教材
606 0  @a社会科学@x团体
606 0  @a社会科学@x会议
606 0  @a社会科学@x国家行政机关
606 0  @a社会科学@x组织机构
690    @aC21@v3
702  0 @a胡治华@Ahu zhi hua@4主编
702  0 @a丁柏铨@Ading bai quan@4主编
711  0 @a教育部师范教育司@Ajiao yu bu shi fan jiao yu si@4组织编写
801  0 @aCN@bNISOFT@c20070726
905    @a10447@dC21@e177
    
    人文社会科学基础[理科必修,文科选修]/教育部师范教育司组织编写/丁柏铨,胡治华主编.-北京:首都师范大学出版社,1998
    321页;20cm
    小学教师进修高等师范专科小学教育专业教材
    
    ISBN 7-81039-929-2:CNY11.00
    
●
相关链接 在E读中查询图书 在五车中查询图书 在当当中查询图书 在豆瓣中查询图书


正题名:人文社会科学基础     索取号:C21/177         预约/预借

序号 登录号 条形码 馆藏地/架位号 状态 备注
1 0493822   204938229   密集书库/ [索取号:C21/177] 在馆    
2 0493823   204938238   密集书库/ [索取号:C21/177] 在馆    
3 0493824   204938247   密集书库/ [索取号:C21/177] 在馆    
4 0493825   204938256   密集书库/ [索取号:C21/177] 在馆    
5 0493826   204938265   密集书库/ [索取号:C21/177] 在馆    
6 0493827   204938274   密集书库/ [索取号:C21/177] 在馆    
7 0493828   204938283   密集书库/ [索取号:C21/177] 在馆    
8 0493829   204938292   密集书库/ [索取号:C21/177] 在馆    
9 0493830   204938309   密集书库/ [索取号:C21/177] 在馆    
10 0494525   204945257   密集书库/ [索取号:C21/177] 在馆    
11 0494526   204945266   密集书库/ [索取号:C21/177] 在馆    
12 0683846   206838467   库房3/ [索取号:C21/177] 在馆    
13 0683847   206838476   库房3/ [索取号:C21/177] 在馆    
14 0683848   206838485   库房3/ [索取号:C21/177] 在馆    
15 0683849   206838494   库房3/ [索取号:C21/177] 在馆    
16 0683850   206838500   库房3/ [索取号:C21/177] 在馆    
17 0683851   206838519   库房3/ [索取号:C21/177] 在馆    
18 0683852   206838528   库房3/ [索取号:C21/177] 在馆    
19 0683853   206838537   库房3/ [索取号:C21/177] 在馆    
20 0683854   206838546   库房3/ [索取号:C21/177] 在馆    
21 0683855   206838555   库房3/ [索取号:C21/177] 在馆    
22 0773872   207738723   库房3/ [索取号:C21/177] 在馆    
23 0773873   207738732   库房3/ [索取号:C21/177] 在馆    
24 0773874   207738741   库房3/ [索取号:C21/177] 在馆    
25 0773875   207738750   库房3/ [索取号:C21/177] 在馆    
26 0773876   207738769   库房3/ [索取号:C21/177] 在馆    
27 0773877   207738778   库房3/ [索取号:C21/177] 在馆    
28 0773878   207738787   库房3/ [索取号:C21/177] 在馆    
29 0773879   207738796   库房3/ [索取号:C21/177] 在馆    
30 0773880   207738803   库房3/ [索取号:C21/177] 在馆    
31 0773881   207738812   库房3/ [索取号:C21/177] 在馆    
32 0773882   207738821   库房3/ [索取号:C21/177] 在馆    
33 0773883   207738830   库房3/ [索取号:C21/177] 在馆    
34 0773884   207738849   库房3/ [索取号:C21/177] 在馆    
35 0773885   207738858   库房3/ [索取号:C21/177] 在馆    
36 0773886   207738867   库房3/ [索取号:C21/177] 在馆    
37 0773887   207738876   库房3/ [索取号:C21/177] 在馆    
38 0773888   207738885   库房3/ [索取号:C21/177] 在馆    
39 0773889   207738894   库房3/ [索取号:C21/177] 在馆    
40 0773890   207738901   库房3/ [索取号:C21/177] 在馆    
41 0773891   207738910   库房3/ [索取号:C21/177] 在馆    
42 0778823   207788232   密集书库/ [索取号:C21/177] 在馆    
43 0778920   207789204   密集书库/ [索取号:C21/177] 在馆    
44 0779032   207790327   密集书库/ [索取号:C21/177] 在馆    
45 0788685   207886858   密集书库/ [索取号:C21/177] 在馆    
唐山师范学院图书馆 欢迎您!
大连网信软件有限公司© 版权所有